000 00488nam a2200181Ia 4500
001 58434
008 150409n ii |||gr||||Z||||||465
020 _a978-81-224-1146-1
082 _a515.2
100 _aDhami,
_eH.S.,
245 0 _aDifferential Calculus
_cH.S.Dhami
_hTextual Documents
250 _aIst ed - 1998.
260 _aNew Delhi
_bNew Age International ( P ) Limited
300 _a400p:
_c24cm.
653 _aDifferential Calculus
653 _aG - Math
942 _2ddc
_cBK
999 _c58329
_d58329